Diffusion and ecological problems: mathematical models

সংরক্ষণ করুন:
গ্রন্থ-পঞ্জীর বিবরন
প্রধান লেখক: Okubo, Akira (Author)
বিন্যাস: গ্রন্থ
ভাষা:ইংরেজি
প্রকাশিত: Berlín Springer-Verlag 1980
মালা:Biomathematics, 10
বিষয়গুলি:
ট্যাগগুলো: ট্যাগ যুক্ত করুন
কোনো ট্যাগ নেই, প্রথমজন হিসাবে ট্যাগ করুন!

MARC

LEADER 00000cam a2200000 a 4500
001 UCV5343
003 CL-VaPUC
008 930503e19800000GW |||||||||||||||||eng|d
020 |a 3540096205 
082 0 4 |a 577.0151  |b OKU  |2 21 
100 0 |a Okubo, Akira  |e author  |9 299673 
245 1 0 |a Diffusion and ecological problems: mathematical models 
300 |a 254 p 
942 |c BK 
945 |d 19930503 00:00:00 
260 |a Berlín  |b Springer-Verlag  |c 1980 
650 7 |a ECOLOGIA MODELOS MATEMATICOS  |2 CL-VaPUC  |9 262084 
650 7 |a DIFUSION  |2 CL-VaPUC  |9 262085 
650 0 |a Animales y plantas  |x Distribución geográfica  |9 261804 
583 |a last modification  |c 20130517 09:49:23  |k Rodrigo Vera 
490 0 |a Biomathematics, 10 
999 |c 211897  |d 211895 
952 |0 0  |1 0  |4 0  |6 577_015100000000000_OKU_1980  |7 0  |8 A  |9 191920  |a BIBMAT  |b BIBMAT  |d 2019-11-14  |i 4918142  |o 577.0151 OKU 1980  |p 4918142  |r 2025-01-07  |w 2019-11-14  |y BK  |k MAT